00300 a2200121 4500001000700000020001800007040003500025100002200060240004100082245003600123300001000159362000900169156909 a9788535700213 cEscola São Tomás de Aquino aVASQUES, Marciano10aUma dúzia e meia de bichinhoslpor10aUma dúzia e meia de bichinhos a24 p.0 a2000